| 000 | 00801nam a22001935i 4500 | ||
|---|---|---|---|
| 001 | 102819 | ||
| 003 | ES-MaACL | ||
| 005 | 20240217140319.0 | ||
| 007 | t| | ||
| 008 | 051213s1720 it a ||||1| lat d | ||
| 040 |
_aCYL _bspa _cCYL |
||
| 100 | 1 |
_aDesirant, Bernard. _943880 |
|
| 245 | 1 | 0 |
_aConsilium pietatis, de non sequendis errantibus, sed corrigentibus, juxta retractationes ... / _cper P.M.F. Bernardum Desirant Ord. Erem. S.P. Augustini ... |
| 260 |
_aRomae : _bJo. Mariam Salvioni, _c1720. |
||
| 300 |
_a3 t. en 1 vol. : _bil. ; _c23 cm. |
||
| 852 |
_aES-MaACL _jR-3367 _9106662 _dOlim: D-564 _zCotejado con la relación de obras recuperadas expediente de Robo _zCambio de signatura. Datos tomados del fichero topográfico R |
||
| 942 | _2udc | ||
| 999 |
_c102819 _d102819 |
||